MARC

LEADER 00000nam0a2200000 4500
001 277672
005 20231101235034.0
020 |a RU  |b 86-9957 
035 |a (RuTPU)RU\TPU\book\300949 
090 |a 277672 
100 |a 20141205d1986 k y0rusy5003 ca 
101 0 |a rus 
102 |a UA 
105 |a a z 001zy 
200 1 |a Технология изготовления спиралей шнеков  |f Б. М. Гевко 
210 |a Львов  |d 1986  |c Вища школа 
215 |a 127 с.  |c ил. 
320 |a Библиогр.: с. 123-126 (86 назв.) 
606 1 |a Шнеки  |x Производство  |2 stltpush  |3 (RuTPU)RU\TPU\subj\19398  |9 44643 
610 1 |a спирали 
610 1 |a изготовление 
610 1 |a технология 
610 1 |a винтовые линии 
610 1 |a технологические основы 
610 1 |a оборудование 
610 1 |a оснастка 
675 |a 621.778  |z rus  |v 4 
700 1 |a Гевко  |b Б. М.  |g Богдан Матвеевич  |4 070 
801 0 |a RU  |b RuMRKP  |c 19950704  |g psbo 
801 1 |a RU  |b 63413507  |c 20141205 
801 2 |a RU  |b 63413507  |c 20170406  |g RCR 
942 |c BK